Online Public Access Catalog -OPAC

Equine reproduction: (Record no. 59632)

MARC details
000 -LEADER
fixed length control field 00648nam a2200169Ia 4500
008 - FIXED-LENGTH DATA ELEMENTS--GENERAL INFORMATION
fixed length control field 100522 1975xxka e |001 0|eng d
040 ## - CATALOGING SOURCE
Original cataloging agency ABU,Za
050 ## - LIBRARY OF CONGRESS CALL NUMBER
Classification number QL737.U62
245 #0 - TITLE STATEMENT
Title Equine reproduction:
Remainder of title Proceedings of the first international symposiu....../
Statement of responsibility, etc. Edited by I. W. Rowlands , W. R. Allen and P. D. Rossdale
260 ## - PUBLICATION, DISTRIBUTION, ETC.
Place of publication, distribution, etc. Oxford:
Name of publisher, distributor, etc. Blackwell Scientific publications,
Date of publication, distribution, etc. 1975
300 ## - PHYSICAL DESCRIPTION
Extent xxi,746p.ills.
490 ## - SERIES STATEMENT
Series statement Journal of reproduction and fertility supplement No.23
504 ## - BIBLIOGRAPHY, ETC. NOTE
Bibliography, etc. note Bibliography
650 ## - SUBJECT ADDED ENTRY--TOPICAL TERM
Topical term or geographic name entry element Zoology
700 ## - ADDED ENTRY--PERSONAL NAME
Personal name Rowlands , I. W.;Allen, W. R.;Rossdale,P. D.

No items available.

Customized by ICT Technical Service Unit on 29th Dec 2022

Kashim Ibrahim Library